| 000 | 00548nam a22001817a 4500 | ||
|---|---|---|---|
| 999 |
_c11641 _d11641 |
||
| 003 | AR-CdUCM | ||
| 008 | 190404b ||||| |||| 00| 0 spa d | ||
| 040 |
_aMUNICIPALIDAD PROVINCIAL DEL CUSCO _cBIBLIOTECA MUNICIPAL DEL CUSCO |
||
| 082 |
_aES / 036 / _bF21 |
||
| 110 |
_aEncyclopedia británica. _929098 |
||
| 245 | _aLa familia esquimal / | ||
| 260 |
_aLondres : _bEncyclopedia británica, _c1768. |
||
| 300 | _c28 cm. | ||
| 505 | _aContenido :La familia esquimal. | ||
| 650 |
_aHistorias reales _929099 |
||
| 942 |
_2ddc _cLIBROS |
||
| 945 | _arum | ||